000 00822nam a2200265 i 4500
001 32629
003 ES-MaACL
005 20240605063001.0
007 t|
008 030131s1983 sp |||| | spa d
020 _a8485339401
080 _a821.134.2 Crespo, Ángel 1.06
100 1 _aBertelloni, María Teresa.
_928435
245 1 3 _aEl mundo poético de Ángel Crespo /
_cMaría Teresa Bertelloni.
260 _aMadrid :
_bEl Toro de Barro,
_c[1983]
300 _a109 p. ;
_c24 cm.
490 1 _aColección "Los pliegos del Hocino" ;
_v6
500 _aÍndice.
504 _aBibliografía: p. 105-109.
600 1 4 _aCrespo, Ángel,
_d1926-1995
_941513
830 0 _aColección "Los pliegos del Hocino" ;
_v6
_9187472
852 _aES-MaACL
_jL-10621
942 _2udc
999 _c32629
_d32629